Афганистан (Запись № 5842588)

Подробности
000 -МАРКЕР
контрольное поле 01528nam0a22002891 4500
001 - ИДЕНТИФИКАТОР ЗАПИСИ
контрольное поле rc\2596686
005 - ИДЕНТИФИКАТОР ВЕРСИИ
контрольное поле 20260406072053.0
035 ## - ДРУГИЕ СИСТЕМНЫЕ НОМЕРА
Идентификатор записи (NLR Aleph) 006760836
100 ## - ДАННЫЕ ОБЩЕЙ ОБРАБОТКИ
Данные общей обработки 20110914d1929 |||y0rusy50 ca
101 0# - ЯЗЫК РЕСУРСА
Язык текста, звукозаписи и т.д. русский
102 ## - СТРАНА ПУБЛИКАЦИИ ИЛИ ПРОИЗВОДСТВА
Страна публикации российская федерация
105 ## - ПОЛЕ КОДИРОВАННЫХ ДАННЫХ: ТЕКСТОВЫЕ МАТЕРИАЛЫ, МОНОГРАФИЧЕСКИЕ
Кодированные данные о монографическом текстовом документе ab z |||||
200 1# - ЗАГЛАВИЕ И СВЕДЕНИЯ ОБ ОТВЕТСТВЕННОСТИ
Основное заглавие Афганистан
Сведения, относящиеся к заглавию С карт. и схем.
Первые сведения об ответственности И. М. Рейснер
Последующие сведения об ответственности Вступ. статья Ф. Ф. Раскольникова
205 ## - СВЕДЕНИЯ ОБ ИЗДАНИИ
Сведения об издании [2-е изд.]
210 ## - ПУБЛИКАЦИЯ, РАСПРОСТРАНЕНИЕ И ДР.
Место издания, распространения и т.д. Москва
Имя издателя, распространителя и т. д. Коммун. акад.
Дата издания, распространения и т.д. 1929
Имя изготовителя тип. изд-ва "Крестьянская газета"
215 ## - ФИЗИЧЕСКАЯ ХАРАКТЕРИСТИКА
Специфическое обозначение материала и объем VIII, 267 с., 5 л. красочн. схем., карт.
Размеры 22х16 см.
225 1# - СЕРИЯ
Основное заглавие серии Колониальная серия
Сведения об ответственности Коммун. акад. Ин-т мирового хозяйства и мировой политики. Под ред. Н. Бухарина, Е. Варга, Е. Пашуканиса и Ф. Ротштейна
300 ## - ОБЩИЕ ПРИМЕЧАНИЯ
Текст примечания 1-е изд.: Рейснер, И. М. Независимый Афганистан. (См. № 45 "Кн. лет". 1928 г. запись № 19088)
300 ## - ОБЩИЕ ПРИМЕЧАНИЯ
Текст примечания В переплете-папке
700 #1 - ИМЯ ЛИЦА - ПЕРВИЧНАЯ ОТВЕТСТВЕННОСТЬ
Начальный элемент ввода Рейснер
Часть имени, кроме начального элемента ввода И.М.
Даты 1898-1958
Расширение инициалов личного имени Игорь Михайлович
702 #1 - ИМЯ ЛИЦА - ВТОРИЧНАЯ ОТВЕТСТВЕННОСТЬ
Код отношения Автор введения, предисловия, примечания и т.п.
Начальный элемент ввода Раскольников
Часть имени, кроме начального элемента ввода Ф. Ф.
Дополнения к именам, кроме дат революционер, гос. деятель
Даты 1892-1939
Расширение инициалов личного имени Фёдор Фёдорович
Идентификатор авторитетной/нормативной записи RU\NLR\AUTH\770127969
Системный номер авторитетной/нормативной записи 127943
801 #0 - ИСТОЧНИК ЗАПИСИ
Страна российская федерация
Организация NLR
Правила каталогизации psbo
801 #1 - ИСТОЧНИК ЗАПИСИ
Страна российская федерация
Организация ELAR
Источник данных rusmarc
852 ## - МЕСТОНАХОЖДЕНИЕ И ШИФР ХРАНЕНИЯ
Идентификатор организации NLR
Шифр хранения (Call Number) 67/502
942 ## - ДОПОЛНИТЕЛЬНЫЕ ЭЛЕМЕНТЫ ЗАПИСИ (АБИС)
Тип экземпляра АБИС Книга
980 ## - КОЛЛЕКЦИЯ
Название коллекции Национальная библиография
Экземпляры
Тип экземпляра Дата поступления Библиотека постоянного хранения Библиотека текущего хранения Место хранения Шифр хранения Штрих-код Статус не для выдачи
Книга 26.10.2013 РНБ (Садовая) РНБ (Садовая) Русский книжный фонд -Главное здание, Ленинский читальный зал 67/502 6760836-10